Culture Générale - Série 1523 - Statistiques

Statistiques générales
  • Ce quiz a été pris 139 fois
  • Le résultat moyen est 6 sur 10
Statistiques - réponses
Question Réponse % Correct
Quelle est la treizième consonne de notre alphabet ? Q
91%
Quel poisson peut être saumoné, argenté ou arc-en-ciel ? truite
84%
Sous quel nom connaît-on mieux, l'Organisation internationale de police criminelle, dont le siège est à Lyon ? Interpol
83%
De quel club de football de Ligue 1 Jean-Michel Aulas est-il le président ? L'Olympique lyonnais
73%
Quel est le participe présent du verbe "vaincre" ? vainquant
71%
Quelle ville, chef-lieu du département de la Mayenne, peut se lire aussi bien de gauche à droite, que de droite à gauche ? Laval
67%
En 1997, quelle artiste américaine, prénommée Barbra, interprète la chanson "Tell Him" en duo avec Céline Dion ? Barbra Streisand
63%
Sous quel nom de scène connaissait-on mieux : Farookh Bulsara, le leader du groupe Queen ? Freddie Mercury
52%
Quel ragoût de mouton ou d'agneau, cuisiné avec des légumes, porte le même nom qu'une ancienne ville grecque ? navarin
24%
En droit, comment appelle-t-on la personne qui assure, grâce à ses revenus, la subsistance de sa famille ? soutien de famille
9%
Aucun quiz correspondant
Distribution des résultats
% des personnes avec chaque résultat
Percentile par nombre de réponses
Votre historique - résultats
Vous n’avez pas pris ce quiz